000 00439ntaaa2200181 4500
003 01
005 20251027202527.0
008 0714s1973 ag 01
040 _aAR-BaBN
_bspa
_cAR-BaBN
_eaacr
_dRIC
082 _a270.5000 B27
100 _aBarrera, Felix
_924224
245 _aEscolasticismo.
250 _a1 ed.
260 _aBuenos Aires :
_bSeminario Teologicao Bautista,
_c1968
300 _a25
500 _aMonografia
942 _cBK
999 _c20282
_d20282